000 00448nam a2200181Ia 4500
001 4834
005 20260306145824.0
008 260306t2003||||xx |||||||||||||| ||spa||
041 _aESP
082 _a330.9
_bS29
100 _aSchwalb, María Matilde
_eAUT
245 0 _aEvolución del compromiso social de las empresas:
_bhistoria y enfoques
260 _c2003
300 _a
_c
650 _aGEN
654 _aCAN
942 _cLIB
_dJUS
_fJUS
_2ddc
_n
999 _c4834
_d4834